000 00385nam a22001457a 4500
020 _qPB.
040 _cFIZZA ISHAQ
082 _a301.3
_bDUB
100 _aDubos, Rene.
_9134021
245 _aSo Human an Animal /
_cRene Dubos.
250 _aLibrary Lyceum Editions.
260 _aNew York:
_bCharles Scribner's Sons,
_c1968.
300 _a267 P. ;
_c8 x 5.5 inches
942 _2ddc
_cBK
999 _c616944
_d616944